Southville International School and Colleges
Your cart is empty.
  • Cart
  • Lists
    Public lists Eva Luna New books Lux_list list_1
    Your lists Log in to create your own lists
  • Log in to your account
  • Your cookies
  • Search history
Southville International School and Colleges
  • Advanced search
  • Recent comments
  • Most popular
  • Libraries

Log in to your account

Log in with GOOGLE


If you do not have an external account, but do have a local account, you can still log in:

  1. Home
  2. MARC view: Do your ears hang low? :
Normal view MARC view ISBD view

Do your ears hang low? : (Record no. 33776)

[ view plain ]
MARC details
000 -LEADER
fixed length control field 01247cam a2200349 a 4500
001 - CONTROL NUMBER
control field 12415363
003 - CONTROL NUMBER IDENTIFIER
control field OSt
005 - DATE AND TIME OF LATEST TRANSACTION
control field 20140310184338.0
008 - FIXED-LENGTH DATA ELEMENTS--GENERAL INFORMATION
fixed length control field 010521s2002 nyua 000 0 eng
010 ## - LIBRARY OF CONGRESS CONTROL NUMBER
LC control number 2001034864
020 ## - INTERNATIONAL STANDARD BOOK NUMBER
International Standard Book Number 0439518407
040 ## - CATALOGING SOURCE
Original cataloging agency DLC
Transcribing agency DLC
Modifying agency DLC
042 ## - AUTHENTICATION CODE
Authentication code lcac
050 00 - LIBRARY OF CONGRESS CALL NUMBER
Classification number PZ 8.3
Item number .D627 2003
245 00 - TITLE STATEMENT
Title Do your ears hang low? :
Remainder of title a love story /
Statement of responsibility, etc Caroline Jayne Church.
250 ## - EDITION STATEMENT
Edition statement 1st American ed.
260 ## - PUBLICATION, DISTRIBUTION, ETC. (IMPRINT)
Place of publication, distribution, etc New York :
Name of publisher, distributor, etc Scholastic,
Date of publication, distribution, etc 2003.
300 ## - PHYSICAL DESCRIPTION
Other physical details col. ill. ;
Dimensions 23 cm.
521 ## - TARGET AUDIENCE NOTE
Target audience note
526 ## - STUDY PROGRAM INFORMATION NOTE
Reading level BR
650 #0 - SUBJECT ADDED ENTRY--TOPICAL TERM
Topical term or geographic name as entry element Folk songs, English
Geographic subdivision United States
Form subdivision Texts.
9 (RLIN) 24275
650 #0 - SUBJECT ADDED ENTRY--TOPICAL TERM
Topical term or geographic name as entry element Children's songs
Geographic subdivision United States
Form subdivision Texts.
9 (RLIN) 24276
650 #1 - SUBJECT ADDED ENTRY--TOPICAL TERM
Topical term or geographic name as entry element Dogs
Form subdivision Songs and music.
9 (RLIN) 24277
650 #1 - SUBJECT ADDED ENTRY--TOPICAL TERM
Topical term or geographic name as entry element Folk songs
Geographic subdivision United States.
9 (RLIN) 24278
650 #1 - SUBJECT ADDED ENTRY--TOPICAL TERM
Topical term or geographic name as entry element Songs.
9 (RLIN) 22167
700 1# - ADDED ENTRY--PERSONAL NAME
Personal name Church, Caroline,
Relator term ill.
9 (RLIN) 24279
856 42 - ELECTRONIC LOCATION AND ACCESS
Materials specified Publisher description
Uniform Resource Identifier <a href="http://www.loc.gov/catdir/enhancements/fy1203/2001034864-d.html">http://www.loc.gov/catdir/enhancements/fy1203/2001034864-d.html</a>
906 ## - LOCAL DATA ELEMENT F, LDF (RLIN)
a 7
b cbc
c orignew
d 1
e ocip
f 20
g y-gencatlg
942 ## - ADDED ENTRY ELEMENTS (KOHA)
Source of classification or shelving scheme Library of Congress Classification
Koha item type
Holdings
Withdrawn status Lost status Source of classification or shelving scheme Damaged status Home library Current library Shelving location Date acquired Total Checkouts Full call number Barcode Date last seen Copy number Price effective from Koha item type
    Library of Congress Classification   Luxembourg Library Luxembourg Library Scholastic Reading Center Section 10/07/2013   PZ 8.3 .D627 2003 LEX0003 04/18/2017 1 10/07/2013 Books

Do your ears hang low? :

APA

Church C., . (2003). Do your ears hang low?. New York: Scholastic.

Chicago

Church Caroline, . 2003. Do your ears hang low?. New York: Scholastic.

Harvard

Church C., . (2003). Do your ears hang low?. New York: Scholastic.

MLA

Church Caroline, . Do your ears hang low?. New York: Scholastic. 2003.

  • Place hold
  • Print
  • Cite
  • Add to your cart (remove)
  • Save record
    BIBTEX Dublin Core MARCXML MARC (non-Unicode/MARC-8) MARC (Unicode/UTF-8) MARC (Unicode/UTF-8, Standard) MODS (XML) RIS
  • More searches
    Search for this title in:
    Other Libraries (WorldCat) Other Databases (Google Scholar) Online Stores (Bookfinder.com) Open Library (openlibrary.org)

Exporting to Dublin Core...

SOUTHVILLE LIBRARY

Southville International School and Colleges Library

1281 Tropical Ave. Cor. Luxembourg St., BF Homes International, Las Pinas City

Tel. No. 8256374 / 252358 Loc. 117/146

Powered by Koha